Engineering technology = Strojírenská technologie /

Hlavní autor: Miervová, Linda, 1975-
Jazyk: Angličtina
Čeština
Vydáno: Opava : Open Agency, 2012
Vydání: Vyd. 1.
Edice: Open learning
Témata:
Fyzický popis: 2 sv. : barev. il. ; 30 cm
Odebírané svazky: učebnice, příručka pro lektory
Language note: Část. český text
Knihy
Uloženo v:
LEADER 02363nam a2200601 aa4500
001 nkc20122370821
003 CZ PrNK
005 20140219164919.0
007 ta
008 120530s2012 xr a e p 000 0 eng
015 |a cnb002370821 
020 |a 978-80-87628-04-1  |q (soubor :  |q kroužková vazba) 
020 |a 978-80-87628-05-8  |q (učebnice :  |q kroužková vazba) 
020 |a 978-80-87628-07-2  |q (příručka pro lektory :  |q kroužková vazba) 
035 |a (OCoLC)798996242 
040 |a ABA001  |b cze 
041 0 |a eng  |a cze 
072 7 |a 811.111  |x Angličtina  |2 Konspekt  |9 11 
072 7 |a 37.016  |x Učební osnovy. Vyučovací předměty. Učebnice  |2 Konspekt  |9 22 
080 |a 811.111  |2 MRF 
080 |a 621  |2 MRF 
080 |a 81'373.46  |2 MRF 
080 |a (07)  |2 MRF 
080 |a (072)  |2 MRF 
100 1 |a Miervová, Linda,  |d 1975-  |7 jo2012701246  |4 aut 
245 1 0 |a Engineering technology = Strojírenská technologie /  |c [Linda Miervová] 
246 3 1 |a Strojírenská technologie 
250 |a Vyd. 1. 
260 |a Opava :  |b Open Agency,  |c 2012 
300 |a 2 sv. :  |b barev. il. ;  |c 30 cm 
490 1 |a Open learning 
500 |a K výukovému souboru patří též online pracovní sešit 
505 0 |a učebnice. 33 s. -- příručka pro lektory. 55 s. 
521 8 |a Pro žáky a učitele Střední školy průmyslové a umělecké, Opava 
546 |a Část. český text 
650 0 7 |a angličtina  |7 ph114056  |2 czenas 
650 0 7 |a strojírenství  |7 ph126149  |2 czenas 
650 0 7 |a oborová terminologie  |7 ph138998  |2 czenas 
650 0 9 |a English language  |2 eczenas 
650 0 9 |a mechanical engineering  |2 eczenas 
650 0 9 |a terminology (professional)  |2 eczenas 
655 7 |a učební texty  |7 fd133599  |2 czenas 
655 7 |a metodické příručky  |7 fd132826  |2 czenas 
655 9 |a educational texts  |2 eczenas 
655 9 |a methodological manuals  |2 eczenas 
740 0 2 |a Angličtina pro strojaře 
830 0 |a Open learning  |0 s 
910 2 |a BOA001  |b 4-1322.011  |s učebnice, příručka pro lektory 
990 |a BK 
995 |a 01 
991 |b 201402  |c NOV  |e n 
996 6 |b 2610581351  |c 4-1322.011  |d 1, učebnice  |v 1  |l MZK  |r Sklad / do 1 hodiny  |n 2  |p p.v.  |w 001401287  |u 000010  |a 1  |e BOA001  |j MZK50  |s P 
996 6 |b 2610581352  |c 4-1322.011  |d 2, příručka pro lektory  |v 2  |l MZK  |r Sklad / do 1 hodiny  |n 2  |p p.v.  |w 001401287  |u 000020  |a 1  |e BOA001  |j MZK50  |s P